Učiteľstvo ako expertná profesia v dynamickom poňatí

Bibliographic Details
Main Author: Cabanová, Mariana, 1979- (Author)
Format: Article
Language:Slovak
ISSN:1335-0404
Subjects:
Online Access:www.rozhlady.pedagog.sk

MARC

LEADER 00000nab a2200000 a 4500
001 vtls009513131
003 SK-MaSNL
005 20260304150814.0
008 250506c2009 xo br|p|||an |000 b|slo
015 |a SNBRB2009/05 
035 |a (uuid)b3abfb3a-e81f-4d95-b08a-5fff73eb6d2a 
035 |a urn:nbn:sk:snk-ab9trv 
035 |a (urnnbn)urn:nbn:sk:snk:ar-a08upf 
038 |a SPK 
040 |a SNKBUCL  |b slo  |c SNKBUCL  |e AACR2 
041 0 |a slo  |b slo  |b eng 
044 |a xo  |c SK 
072 7 |a 37  |x Výchova a vzdelávanie  |2 konspekt 
080 |a 37.011.31  |2 1997 
100 1 |a Cabanová, Mariana,  |d 1979-  |4 aut  |9 199049 
245 1 0 |a Učiteľstvo ako expertná profesia v dynamickom poňatí  |c Mariana Cabanová 
504 |a Bibliogr. odkazy 
546 |a Res. angl., slov. 
650 0 7 |a pedeutológia  |2 snkbucl  |9 396332 
773 0 |t Pedagogické rozhľady  |g Roč. 18, č. 2 (2009), s. 13-15  |x 1335-0404 
850 |a Slovenská národná knižnica 
852 |a Slovenská národná knižnica 
856 4 1 |u www.rozhlady.pedagog.sk 
954 |a odborná, vedecká literatúra pôvodná (slovenská)  |2 lita 
958 |a article13 
958 |a NB  |2 spk 
958 |a OND 
958 |a EUIPO 
999 |c 2939713  |d 2941643